00658nam a2200193Ia 4500003000900000008004100009020002200050040001600072080001700088100002700105245003700132260003900169300001600208650002700224650004700251942000700298999001700305952014200322IN-BaIIA211028s9999 xx 000 0 eng d a978-0-486-26620-6 cIIA Library a52(091)bHEA aHeath, Thomas L935055 0aGreek astronomycThomas L. Heath aNew YorkbDover Publicationsc1991 alvii, 192p. aAstronomy-Greek935056 aAstronomy-Greek-Early works to 1800935057 cBK c18312d18312 00104070aBANbBANcGENd2012-07-02eANJ g841.00l2o52(091)/ HEAp19234r2026-06-24s2026-06-24v841.00w2012-07-02yBKGRs. 841.00